Govt. of
Madhya Pradesh

Normal view MARC view

Entry Topical Term

Number of records used in: 0

001 - CONTROL NUMBER

  • control field: 55585

003 - CONTROL NUMBER IDENTIFIER

  • control field: OSt

005 - DATE AND TIME OF LATEST TRANSACTION

  • control field: 20160507150216.0

008 - FIXED-LENGTH DATA ELEMENTS

  • fixed length control field: 160507|| aca||aabn | a|a d

040 ## - CATALOGING SOURCE

  • Original cataloging agency: OSt
  • Transcribing agency: OSt

150 ## - HEADING--TOPICAL TERM

  • Topical term or geographic name entry element: शोध निबन्‍ध

670 ## - SOURCE DATA FOUND

  • Source citation: Work cat.: (OSt)48009: शास्‍त्री, देवर्षि कलानाथ 55584, साहित्‍य चिंतन , 2012